000 00709pam a2200229 a 4500
001 564382
005 20180118065745.0
008 890828s1989 enka b 001 0 eng
010 _a 89024398
020 _a0745807569 (Ellis Horwood) :
_c£29.95
020 _a0470215712 (Halsted Press)
040 _aDLC
_cDLC
_dDLC
041 _aeng
080 _a004..35 JAC
082 0 0 _a004..35 JAC
_220
100 _a30
101 _aSHK
245 0 0 _aVector and parallel computing :
_ceditors, Jack Dongarra ... [et al.].
504 _aIncludes bibliographical references and index.
906 _a7
_bcbc
_corignew
_d1
_eocip
_f19
_gy-gencatlg
942 _2ddc
_cBK
999 _c40468
_d40468